<?xml version="1.0" encoding="UTF-8"?>
<marc:record xmlns:marc="http://www.loc.gov/MARC21/slim">
   <marc:leader>00000nam a2200000 a 4500</marc:leader>
   <marc:datafield ind1="1" ind2=" " tag="100">
      <marc:subfield code="a">Holleben, Jan von</marc:subfield>
      <marc:subfield code="4">aut</marc:subfield>
      <marc:subfield code="e">Verfasser/-in</marc:subfield>
   </marc:datafield>
   <marc:datafield ind1="0" ind2="0" tag="245">
      <marc:subfield code="a">Monsterhelden</marc:subfield>
   </marc:datafield>
   <marc:datafield ind1="0" ind2="0" tag="245">
      <marc:subfield code="c">Jan von Holleben</marc:subfield>
   </marc:datafield>
   <marc:datafield ind1=" " ind2="1" tag="264">
      <marc:subfield code="a">Weinheim</marc:subfield>
      <marc:subfield code="b">Beltz &amp; Gelberg</marc:subfield>
      <marc:subfield code="c">2017</marc:subfield>
   </marc:datafield>
   <marc:datafield ind1="1" ind2=" " tag="520">
      <marc:subfield code="a">Angaben aus der Verlagsmeldung

Monsterhelden : Vierfarbiges Fotobuch / von Jan Holleben

Megagiganten, Kraxelkrakeler, Knitterdinos, Schönprinzessinen und Robopapphelden: Jan von Holleben erschafft witzig-irritierende Bilderwelten mit gigantischen Fantasiefiguren. Der international bekannte Fotograf setzt seine Figuren aus Alltagsgegenständen und mit Hilfe von Kindern eindrucksvoll in Szenen, die er von oben fotografiert. So entstehen außergewöhnliche Fotos von mehr als zwanzig kreativen Kreaturen, die zum Geschichtenerzählen und Nachmachen einladen.
</marc:subfield>
   </marc:datafield>
   <marc:datafield ind1=" " ind2=" " tag="020">
      <marc:subfield code="a">9783407823175</marc:subfield>
      <marc:subfield code="9">9783407823175</marc:subfield>
   </marc:datafield>
   <marc:datafield ind1=" " ind2=" " tag="020">
      <marc:subfield code="a">3407823177</marc:subfield>
      <marc:subfield code="9">3407823177</marc:subfield>
   </marc:datafield>
   <marc:datafield ind1=" " ind2=" " tag="300">
      <marc:subfield code="a">circa 48 Seiten</marc:subfield>
   </marc:datafield>
</marc:record>
